000
00313nam a22001217a 4500
008
230621b xxu||||| |||| 00| 0 eng d
082
_a
328
_b
ASP
245
_a
Legislative Studies
260
_a
Australia
_b
Australasian Study of Parliament Group
300
_a
II,113p
440
_n
1
_v
10
_x
08169152
942
_2
ddc
_c
BK
999
_c
1996
_d
1996